20th Century Dates – Within 10 Years #2 - Statistics

General Stats
  • This quiz has been taken 33,356 times
  • The average score is 9 of 20
Answer Stats
Hint Answer % Correct
WWII : Germany invades Poland 1939
100%
Sputnik 1 orbits the Earth 1957
88%
Elizabeth II becomes Queen of the UK 1952
84%
Google is founded 1998
84%
Debut of the arcade game "Pong" 1972
62%
Nelson Mandela elected President of South Africa 1994
57%
Franklin D. Roosevelt dies 1945
55%
Ford releases the Model T 1908
53%
Roald Amundsen reaches the South Pole 1911
48%
Anne Frank is born 1929
44%
Dissolution of the Ottoman Empire 1922
42%
Start of the Iran-Iraq War 1980
38%
Mao launches the Cultural Revolution 1966
37%
Amelia Earhart disappears over the Pacific Ocean 1937
31%
Congo renamed to Zaire by Mobutu Sese Seko 1971
31%
Ernest Hemingway commits suicide 1961
29%
First James Bond novel published 1952
24%
California passes New York to become the most populous U.S. state 1964
17%
Einstein publishes his theory of Special Relativity 1905
16%
Seiko releases the first quartz wristwatch 1969
10%
No matching quizzes found
Score Distribution
Percent of People with Each Score
Percentile by Number Answered
Your Score History
You have not taken this quiz